000
00248nam a2200097Ia 4500
001
703953
005
20250826162401.0
008
250824s9999 xx 000 0 und d
245
0
_a
KÜÇÜK ÖZGÜR ADAMLAR
_c
TERRY PRATCHETT
260
_b
TUDEM YAYINLARI
999
_c
703953
_d
703953